| 000 | 00871nam a2200229 a 4500 | ||
|---|---|---|---|
| 001 | 000025524 | ||
| 003 | AM-YEHGA | ||
| 005 | 20250617121047.0 | ||
| 008 | 001102s1981 ai |||||||||||||| ||arm d | ||
| 040 | _aAM-YeHGA | ||
| 041 | 1 | _aarm | |
| 100 | 1 | _aԺերնևսկայա, Իննա Իվանովնա | |
| 245 | 1 | 0 |
_aՀինգերորդ հրեշտակի թասը : _b[Գիտելիքն ընդդեմ կրոնի] / _cԻ.Ի. Ժերնևսկայա ; Թարգմ.՝ Ա.Ռ. Խաչատրյան ; Խմբ.՝ Ի.Գ. Հարությունյան. |
| 260 |
_aԵրևան : _bԼույս, _c1981. |
||
| 300 |
_a152 էջ : _bնկ. ; _c22 սմ. |
||
| 650 | 1 | 4 | _aԿրոն և գիտություն |
| 653 | 0 | _aԲժշկություն | |
| 700 | 1 |
_aԽաչատրյան, Ա.Ռ. _eթարգմ. _4trl |
|
| 700 | 1 |
_aՀարությունյան, Ի.Գ. _eխմբ. _4edt |
|
| 942 |
_2udc _cBK |
||
| 090 | _c10631 | ||
| 999 |
_c10556 _d10556 |
||